[Event "Staatsliga B-Mitte"]
[Site "?"]
[Date "1998.12.12"]
[Round "4"]
[White "Hager,F"]
[Black "Denk,A"]
[Result "1/2-1/2"]
[WhiteElo "2240"]
[BlackElo "2265"]
[PlyCount "102"]

1. d4 Nf6 2. Nf3 e6 3. g3 c5 4. Bg2 Be7 5. c4 cxd4 6. Nxd4 a6 7. Nc3 O-O 8. O-O
d6 9. b3 Nbd7 10. a4 Qc7 11. Ba3 Re8 12. Rc1 Bf8 13. Qd2 Nc5 14. b4 e5 15. bxc5
exd4 16. Nd5 Nxd5 17. cxd6 Bxd6 18. cxd5 Qe7 19. Bxd6 Qxd6 20. Rc4 Bd7 21. Rxd4
Qa3 22. a5 Rac8 23. d6 Rc5 24. Bxb7 Rxa5 25. Bd5 Rb5 26. Qf4 Rf8 27. e4 a5 28.
Rc1 Bh3 29. Rdc4 Rbb8 30. Rc7 Kh8 31. Qh4 Be6 32. d7 Bxd7 33. Qf4 Rbc8 34. Rxc8
Bxc8 35. h4 Be6 36. Rc7 Qb4 37. Rb7 Qc5 38. Rc7 Qb4 39. Qe5 Bh3 40. Kh2 Bg4 41.
Rxf7 Rxf7 42. Bxf7 Qf8 43. Qf4 a4 44. Qxg4 Qxf7 45. Qc8+ Qg8 46. Qa6 Qf8 47. f4
a3 48. e5 h5 49. e6 Qc5 50. Qa8+ Kh7 51. Qe4+ Kg8 1/2-1/2

[Event "Staatsliga B-Mitte"]
[Site "?"]
[Date "1998.12.12"]
[Round "4"]
[White "Kramer,G"]
[Black "Fischer,J"]
[Result "1-0"]
[WhiteElo "2155"]
[BlackElo "2265"]
[PlyCount "69"]

1. d4 Nf6 2. c4 c5 3. d5 e6 4. Nc3 d6 5. e4 Na6 6. Nf3 Bd7 7. Be2 Nc7 8. a4 Rb8
9. O-O a6 10. a5 b5 11. axb6 Rxb6 12. h3 g6 13. Ra2 Bg7 14. Be3 e5 15. Ne1 O-O
16. Nd3 Nfe8 17. b4 Rxb4 18. Nxb4 cxb4 19. Nb1 f5 20. f3 Nf6 21. Nd2 Qa8 22.
Qa1 Nh5 23. Rb1 Ng3 24. Bd3 Rb8 25. Kh2 f4 26. Bf2 Qb7 27. Nb3 h5 28. Rab2 Qc8
29. Na5 g5 30. Rxb4 Rxb4 31. Rxb4 g4 32. Ba7 Ne8 33. Nc6 Kf8 34. Rb8 Qc7 35.
Bb6 1-0

[Event "Staatsliga B-Mitte"]
[Site "?"]
[Date "1998.12.12"]
[Round "4"]
[White "Hinteregger,A"]
[Black "Wiesinger,K"]
[Result "1-0"]
[WhiteElo "2160"]
[BlackElo "1861"]
[PlyCount "77"]

1. e4 e5 2. Nf3 Nc6 3. Bc4 Bc5 4. c3 Nf6 5. b4 Bb6 6. d3 d6 7. O-O O-O 8. a4 a6
9. Bg5 Be6 10. Nbd2 h6 11. Bh4 g5 12. Bg3 Bxc4 13. Nxc4 Ba7 14. Ne3 Qd7 15. Nf5
Kh7 16. h4 g4 17. Qd2 Ng8 18. Nh2 Nce7 19. Nxe7 Nxe7 20. d4 exd4 21. cxd4 f5
22. Bf4 Rf6 23. e5 dxe5 24. Bxe5 Re6 25. Qf4 Rg8 26. Rfd1 Rc6 27. h5 Rc4 28. b5
axb5 29. axb5 Bb6 30. Nf1 Nd5 31. Qd2 Qxb5 32. Qd3 Rf8 33. Ra8 Rxa8 34. Qxf5+
Kg8 35. Qg6+ Kf8 36. Bg7+ Ke7 37. Re1+ Ne3 38. Rxe3+ Kd7 39. Qe6+ 1-0

[Event "Staatsliga B-Mitte"]
[Site "?"]
[Date "1998.12.12"]
[Round "4"]
[White "Wiesenecker,F"]
[Black "Gottsmann,H"]
[Result "1/2-1/2"]
[WhiteElo "1802"]
[BlackElo "2145"]
[PlyCount "125"]

1. e4 e6 2. d4 d5 3. Nd2 Nf6 4. exd5 exd5 5. Bd3 Bd6 6. Ne2 Bg4 7. f3 Bh5 8.
Nb3 Nc6 9. c3 Bg6 10. Bf4 O-O 11. O-O Re8 12. Bxd6 Qxd6 13. Bxg6 fxg6 14. Qd2
Re7 15. Rae1 Rae8 16. Nc5 b6 17. Nd3 a5 18. Ng3 h5 19. Rxe7 Rxe7 20. Qg5 Nh7
21. Qf4 Qf6 22. Kf2 h4 23. Ne2 g5 24. Qxf6 gxf6 25. Re1 Kf7 26. Ng1 Rxe1 27.
Nxe1 Nf8 28. Nc2 Ne6 29. Ne2 Ne7 30. Ne3 Nf4 31. Nc1 c5 32. dxc5 bxc5 33. g3
hxg3+ 34. hxg3 Ne6 35. b3 Nf8 36. Nd3 Nd7 37. g4 Ke6 38. a3 Kd6 39. Ke2 Ne5 40.
b4 cxb4 41. cxb4 axb4 42. axb4 Kc6 43. f4 Nxd3 44. Kxd3 gxf4 45. Nc2 Kb5 46.
Kd4 f3 47. Ke3 Nc6 48. Kxf3 Nxb4 49. Nd4+ Kc5 50. Nb3+ Kc4 51. Nd2+ Kd3 52. Nb3
Nc2 53. Kf4 Ne3 54. g5 fxg5+ 55. Kxg5 Kc3 56. Nc5 d4 57. Kf4 Nd5+ 58. Kf3 Nf6
59. Ke2 Nh5 60. Na4+ Kc2 61. Nc5 Nf4+ 62. Kf3 Nd3 63. Ke4 1/2-1/2

[Event "Staatsliga B-Mitte"]
[Site "?"]
[Date "1998.12.12"]
[Round "4"]
[White "Teufl,S"]
[Black "Haba,P"]
[Result "0-1"]
[WhiteElo "2167"]
[BlackElo "2515"]
[PlyCount "66"]

1. e4 c5 2. c3 d5 3. exd5 Qxd5 4. d4 e6 5. Nf3 Nf6 6. Be2 Nc6 7. Na3 Qd8 8. Nc2
Be7 9. O-O O-O 10. dxc5 Bxc5 11. Be3 Bxe3 12. Nxe3 b6 13. Qa4 Qc7 14. Rfd1 Bb7
15. Qh4 Rfd8 16. Ng4 Nxg4 17. Qxg4 Rxd1+ 18. Rxd1 Rd8 19. Rxd8+ Qxd8 20. Qf4 h6
21. h3 Ne7 22. Qd4 Qc7 23. Qe5 Qc8 24. Nd4 Ng6 25. Qd6 e5 26. Nb5 a6 27. Nc7
Qf5 28. Bf1 Nf4 29. Qxb6 Nxh3+ 30. gxh3 Qf3 31. Nd5 Bxd5 32. Qd8+ Kh7 33. Bd3+
Qxd3 0-1

[Event "Staatsliga B-Mitte"]
[Site "?"]
[Date "1998.12.12"]
[Round "4"]
[White "Singer,C"]
[Black "Juergens,K"]
[Result "1-0"]
[WhiteElo "2255"]
[BlackElo "2235"]
[PlyCount "159"]

1. e4 c5 2. Nf3 Nc6 3. d4 cxd4 4. Nxd4 Nf6 5. Nc3 d6 6. Be3 e6 7. f3 a6 8. Qd2
Qc7 9. Bd3 Be7 10. O-O-O O-O 11. g4 b5 12. Qf2 Rb8 13. Kb1 Ne5 14. g5 Nfd7 15.
h4 Nc5 16. h5 b4 17. Nce2 a5 18. Qg2 b3 19. axb3 Nexd3 20. cxd3 Ba6 21. Nc1 Qb7
22. Rd2 a4 23. b4 Nb3 24. Ncxb3 axb3 25. Nxb3 Qxb4 26. Nd4 Qa3 27. Rhd1 Rfc8
28. Qe2 Qa5 29. Rc2 Rxc2 30. Qxc2 Bb7 31. Bd2 Qa7 32. Bc3 Ra8 33. b3 Bxg5 34.
Ne2 Be3 35. Qb2 e5 36. Ng3 Bc8 37. Nf1 Bf4 38. d4 Be6 39. d5 Bh3 40. Nd2 Qe3
41. Qc2 Rc8 42. Kb2 Qb6 43. Qd3 Bd7 44. Nc4 Qf2+ 45. Qc2 Qxf3 46. Rd3 Qxh5 47.
Nb6 Rc7 48. Nxd7 Rxd7 49. Ba5 Kf8 50. b4 Qh2 51. Qxh2 Bxh2 52. Rh3 Bg1 53. Rxh7
g6 54. Kb3 Kg8 55. Rh1 Be3 56. Kc4 Rb7 57. Rh3 Bd4 58. Bd8 Kg7 59. b5 Rb8 60.
Ba5 Bc5 61. Rb3 Ra8 62. Bb4 Ra4 63. Kc3 Bb6 64. Bxd6 Rxe4 65. Ra3 Re3+ 66. Kc4
Re4+ 67. Kc3 f5 68. Ra6 Bf2 69. b6 Bd4+ 70. Kb3 Re2 71. Kc4 Rb2 72. Bb4 Rc2+
73. Kb5 Bxb6 74. Rxb6 f4 75. Rc6 Ra2 76. d6 f3 77. d7 f2 78. Rc1 Ra8 79. Be7 e4
80. d8=Q 1-0

[Event "Staatsliga B-Mitte"]
[Site "?"]
[Date "1998.12.12"]
[Round "4"]
[White "Vlasak,R"]
[Black "Brandstaetter,F"]
[Result "0-1"]
[WhiteElo "2210"]
[BlackElo "2135"]
[PlyCount "72"]

1. e4 c5 2. c3 d5 3. exd5 Qxd5 4. d4 Nf6 5. Nf3 e6 6. Bd3 Nc6 7. O-O cxd4 8.
cxd4 Be7 9. Nc3 Qd6 10. Re1 O-O 11. Bg5 Nb4 12. Bb1 Bd7 13. a3 Nbd5 14. Ne5 Bc6
15. Qd3 g6 16. Ba2 Rac8 17. Bh6 Rfe8 18. Rad1 Bf8 19. Bg5 Bg7 20. Ne4 Nxe4 21.
Rxe4 Ba4 22. Bb3 Bxb3 23. Qxb3 f6 24. Nf3 fxg5 25. Nxg5 h6 26. Nf3 Qc6 27. Rde1
Kh7 28. h4 b6 29. h5 g5 30. Ne5 Bxe5 31. Rxe5 Nf4 32. d5 exd5 33. Re7+ Kg8 34.
Qe3 Rxe7 35. Qxe7 d4 36. f3 Qc2 0-1

[Event "Staatsliga B-Mitte"]
[Site "?"]
[Date "1998.12.12"]
[Round "4"]
[White "Hainzinger,J"]
[Black "Brestan,P"]
[Result "1-0"]
[WhiteElo "2065"]
[BlackElo "2021"]
[PlyCount "145"]

1. Nc3 d5 2. e4 d4 3. Nce2 e5 4. Ng3 Be6 5. Bb5+ c6 6. Ba4 Nd7 7. Bb3 Bxb3 8.
axb3 g6 9. d3 Bg7 10. f4 exf4 11. Bxf4 Ne7 12. Qd2 h5 13. Nf3 c5 14. b4 Qb6 15.
bxc5 Qxc5 16. O-O Nc6 17. Ra4 O-O 18. Bh6 Nde5 19. Bxg7 Nxf3+ 20. gxf3 Kxg7 21.
f4 h4 22. Ne2 Qh5 23. Nxd4 b5 24. Qc3 Kh7 25. Raa1 Nxd4 26. Qxd4 Qg4+ 27. Kh1
Rac8 28. Qf2 Rc7 29. Rxa7 Rfc8 30. Rxc7 Rxc7 31. c3 b4 32. c4 Rd7 33. d4 Qh3
34. d5 Qd3 35. Re1 Qxc4 36. Qxh4+ Kg8 37. Qf2 Qd3 38. f5 Rc7 39. fxg6 fxg6 40.
Qe3 Qc2 41. Re2 Qd1+ 42. Kg2 Rf7 43. Re1 Qc2+ 44. Qe2 Qc5 45. Rf1 Rxf1 46. Kxf1
Qc1+ 47. Kg2 Qf4 48. e5 Qg5+ 49. Kf2 Qf4+ 50. Ke1 Qc1+ 51. Qd1 Qe3+ 52. Kf1
Qf4+ 53. Kg2 Qg5+ 54. Kh1 Qxe5 55. d6 Qe4+ 56. Kg1 Qe3+ 57. Kg2 Qg5+ 58. Kh1
Kf8 59. d7 Qd8 60. Qd6+ Kf7 61. h3 Qa8+ 62. Kh2 Qd8 63. b3 Kg7 64. Qd5 Kf8 65.
Qc5+ Kf7 66. Qd6 Kg7 67. Qd5 Kf8 68. Kg3 Ke7 69. Kg4 Kf8 70. h4 Kg7 71. Qe6 Kf8
72. Qxg6 Qxd7+ 73. Qf5+ 1-0

[Event "Staatsliga B-Mitte"]
[Site "?"]
[Date "1998.12.12"]
[Round "4"]
[White "Loeffler,C"]
[Black "Tummeltshammer,G"]
[Result "1-0"]
[WhiteElo "2055"]
[BlackElo "2075"]
[PlyCount "80"]

1. e4 c5 2. Nc3 Nc6 3. f4 g6 4. Nf3 Bg7 5. Bc4 e6 6. f5 Nge7 7. fxe6 fxe6 8.
O-O d5 9. Be2 O-O 10. d3 h6 11. Qe1 d4 12. Nb1 e5 13. h4 Be6 14. a4 Qd7 15. Na3
Nc8 16. b3 Nd6 17. Qg3 Kh7 18. Bd2 Bf6 19. Rf2 Rf7 20. Raf1 Raf8 21. Qh2 Bg7
22. Nb5 a6 23. Nxd6 Qxd6 24. h5 Bg4 25. Ng5+ hxg5 26. hxg6+ Kxg6 27. Bxg4 Rf4
28. Bh5+ Kh7 29. Bxf4 exf4 30. Be8+ Bh6 31. Bxc6 Qxc6 32. Qh3 Qg6 33. Qg4 Bg7
34. g3 Be5 35. Rh2+ Kg7 36. Rh5 Kf6 37. Kg2 Rg8 38. Rfh1 Ke7 39. Rh6 Qf7 40.
Qf5 Qxf5 1-0

[Event "Staatsliga B-Mitte"]
[Site "?"]
[Date "1998.12.12"]
[Round "4"]
[White "Loimayr,G"]
[Black "Scheiblmaier,R"]
[Result "0-1"]
[WhiteElo "1988"]
[BlackElo "1967"]
[PlyCount "71"]

1. e4 e6 2. d4 d5 3. exd5 exd5 4. Bd3 Nc6 5. c3 Bd6 6. Nf3 Nge7 7. O-O Bg4 8.
Bg5 f6 9. Bh4 Qd7 10. Bg3 O-O-O 11. Bxd6 Qxd6 12. Nbd2 g5 13. Re1 Ng6 14. Qc2
Kb8 15. Bf5 Qf4 16. Bxg4 Qxg4 17. Nf1 Nce7 18. h3 Qd7 19. Qe2 Nf5 20. Qe6 Qxe6
21. Rxe6 Rhf8 22. g3 Ng7 23. Re2 c6 24. Rae1 h5 25. Ne3 Kc7 26. Kh2 Kd7 27. Ng2
Rde8 28. Ne3 Re7 29. Nc2 Rfe8 30. Rxe7+ Rxe7 31. Rxe7+ Nxe7 32. g4 h4 33. Kg2
Ne6 34. Nce1 Nf4+ 35. Kh2 Nc8 36. Nd2 0-1

[Event "Staatsliga B-Mitte"]
[Site "?"]
[Date "1998.12.12"]
[Round "4"]
[White "Medvegy,Z"]
[Black "Beim,V"]
[Result "0-1"]
[WhiteElo "2370"]
[BlackElo "2565"]
[PlyCount "76"]

1. e4 d6 2. d4 Nf6 3. Nc3 g6 4. g3 Bg7 5. Bg2 O-O 6. Nge2 c6 7. O-O e5 8. a4 a5
9. dxe5 dxe5 10. Qxd8 Rxd8 11. Be3 Re8 12. Rfd1 Be6 13. Nc1 Na6 14. Nd3 Nb4 15.
Nxb4 axb4 16. Ne2 b3 17. Nc3 bxc2 18. Rdc1 Ng4 19. Bb6 Bb3 20. h3 Nf6 21. Ra3
Bh6 22. Be3 Bxe3 23. fxe3 Be6 24. Rxc2 Nd7 25. Bf1 Red8 26. b4 Nb6 27. a5 Nc4
28. Bxc4 Bxc4 29. Na4 Rd1+ 30. Kf2 Bd3 31. Rca2 f5 32. Nc5 fxe4 33. Nxb7 Rf8+
34. Kg2 Rff1 35. a6 Rg1+ 36. Kh2 Rh1+ 37. Kg2 Rdg1+ 38. Kf2 Bf1 0-1

[Event "Staatsliga B-Mitte"]
[Site "?"]
[Date "1998.12.12"]
[Round "4"]
[White "Hellmayr,A"]
[Black "Ager,J"]
[Result "1/2-1/2"]
[WhiteElo "2240"]
[BlackElo "2330"]
[PlyCount "49"]

1. Nf3 Nf6 2. b3 d5 3. Bb2 Bg4 4. g3 Bxf3 5. exf3 e6 6. Bg2 Nbd7 7. f4 Be7 8.
d3 O-O 9. Nd2 Rc8 10. O-O c5 11. Re1 Re8 12. c4 Bf8 13. Nf3 g6 14. Ne5 Bg7 15.
Qf3 Nb8 16. Re2 Nc6 17. Rae1 Nd4 18. Bxd4 cxd4 19. Bh3 Rc7 20. Bg2 Qd6 21. Rc2
Nd7 22. Nxd7 Qxd7 23. Rb2 dxc4 24. bxc4 b6 25. Rb5 1/2-1/2

[Event "Staatsliga B-Mitte"]
[Site "?"]
[Date "1998.12.12"]
[Round "4"]
[White "Riediger,M"]
[Black "Steiner,G"]
[Result "1/2-1/2"]
[WhiteElo "2210"]
[BlackElo "2240"]
[PlyCount "117"]

1. e4 c6 2. d4 d5 3. e5 Bf5 4. Nf3 e6 5. Be2 Ne7 6. O-O Nd7 7. Be3 h6 8. b3 Bh7
9. c4 Nf5 10. Bd2 h5 11. Nc3 Be7 12. a4 a5 13. g3 Nf8 14. c5 b6 15. Nb5 bxc5
16. dxc5 Bxc5 17. Rc1 Nd7 18. Rxc5 Nxc5 19. Qc1 Qb6 20. Nc7+ Qxc7 21. Qxc5 f6
22. Bb5 Kf7 23. Bxc6 Rhc8 24. Rc1 Qa7 25. Qxa7+ Rxa7 26. Bb5 Rxc1+ 27. Bxc1 Bg6
28. Kf1 Ne7 29. Nd4 fxe5 30. Nf3 Bc2 31. Nxe5+ Kg8 32. Be3 Ra8 33. Bd7 Bxb3 34.
Bc5 Nc8 35. Bc6 Rb8 36. Bb5 Bc4+ 37. Nxc4 dxc4 38. Bxc4 Rb1+ 39. Ke2 Kf7 40. h4
Nb6 41. Bb5 Nd5 42. Bd4 Nc7 43. Bd3 Rb4 44. Be5 Nd5 45. Bc2 Rc4 46. Kd2 Nb6 47.
Bc3 Rc5 48. Bd1 g6 49. Bb3 Nd5 50. Bd4 Rc8 51. Be5 Nb4 52. Bd4 Nc6 53. Bc3 Rd8+
54. Ke3 Nb4 55. Bd4 Rd7 56. Ke4 Nc6 57. Bc3 Nb4 58. Bd4 Nc6 59. Bc3 1/2-1/2

[Event "Staatsliga B-Mitte"]
[Site "?"]
[Date "1998.12.12"]
[Round "4"]
[White "Doppelhammer,H"]
[Black "Hackbarth,W"]
[Result "1/2-1/2"]
[WhiteElo "2130"]
[BlackElo "2190"]
[PlyCount "28"]

1. d4 Nf6 2. Nf3 g6 3. Bf4 Bg7 4. h3 d6 5. e3 c5 6. c3 Qa5 7. Nbd2 cxd4 8. exd4
O-O 9. Be2 Nc6 10. O-O Nd5 11. Bh2 Rd8 12. Qb3 Nb6 13. Nc4 Nxc4 14. Bxc4 Qf5
1/2-1/2

[Event "Staatsliga B-Mitte"]
[Site "?"]
[Date "1998.12.12"]
[Round "4"]
[White "Maierhofer,J"]
[Black "Kreischer,G"]
[Result "0-1"]
[WhiteElo "2160"]
[BlackElo "2155"]
[PlyCount "64"]

1. e4 e6 2. d4 d5 3. exd5 exd5 4. Bd3 Nc6 5. c3 Bd6 6. Ne2 Nge7 7. Bg5 O-O 8.
O-O Qd7 9. Bf4 Nd8 10. Nd2 Re8 11. Nf3 Ng6 12. Be3 Bf8 13. Qd2 Ne6 14. Rfe1 c5
15. Rad1 b6 16. Bf5 Bb7 17. dxc5 bxc5 18. Nf4 Ngxf4 19. Bxf4 g6 20. Bxe6 Rxe6
21. Ne5 Qe7 22. Ng4 Re8 23. Rxe6 Qxe6 24. f3 Bg7 25. Be3 h5 26. Nh6+ Kh7 27.
Kf2 d4 28. Bf4 Ba6 29. g4 Qe2+ 30. Kg3 Qxd2 31. Rxd2 Bxh6 32. cxd4 h4+ 0-1

[Event "Staatsliga B-Mitte"]
[Site "?"]
[Date "1998.12.12"]
[Round "4"]
[White "Steinmueller,G"]
[Black "Fruehauf,N"]
[Result "1/2-1/2"]
[WhiteElo "1985"]
[BlackElo "2150"]
[PlyCount "54"]

1. e4 e5 2. Nf3 Nc6 3. Bb5 a6 4. Ba4 Nf6 5. O-O Be7 6. Re1 b5 7. Bb3 O-O 8. c3
d6 9. h3 Na5 10. Bc2 c5 11. d4 Qc7 12. Nbd2 Bd7 13. d5 Rfe8 14. Nf1 g6 15. Ng3
Bf8 16. Nh2 Bg7 17. Ng4 Nxg4 18. hxg4 f6 19. b3 c4 20. b4 Nb7 21. a4 a5 22. Be3
axb4 23. cxb4 bxa4 24. Bxa4 Rec8 25. Bxd7 Qxd7 26. Rxa8 Rxa8 27. Qc2 Qb5
1/2-1/2

[Event "Staatsliga B-Mitte"]
[Site "?"]
[Date "1998.12.12"]
[Round "4"]
[White "Rolletschek,H"]
[Black "Opl,K"]
[Result "0-1"]
[WhiteElo "2300"]
[BlackElo "2330"]
[PlyCount "102"]

1. e4 e5 2. Nf3 Nc6 3. Bb5 a6 4. Bxc6 dxc6 5. O-O Bg4 6. h3 Bh5 7. g4 Bg6 8.
Nxe5 f6 9. Nxg6 hxg6 10. Kg2 g5 11. d3 Ne7 12. Be3 Ng6 13. f3 Bd6 14. Nc3 Bf4
15. Bf2 Qd6 16. Ne2 O-O-O 17. Qe1 Rxh3 18. Kxh3 Rh8+ 19. Kg2 Bd2 20. Bg3 Nh4+
21. Kg1 Be3+ 22. Rf2 Nxf3+ 23. Kf1 Rh1+ 24. Kg2 Rxe1 25. Kxf3 Rxa1 26. Bxd6
Bxf2 27. Bf8 Bh4 28. Bxg7 Rf1+ 29. Ke3 Bf2+ 30. Kd2 Kd7 31. e5 fxe5 32. Bxe5
Bc5 33. Ng3 Rg1 34. Ne4 Rg2+ 35. Ke1 Be7 36. Nf2 Bd6 37. Bxd6 Rg1+ 38. Kd2 cxd6
39. Ne4 d5 40. Nxg5 Rxg4 41. Nf3 Kd6 42. d4 Rg2+ 43. Kd3 Rf2 44. Nd2 b6 45. a4
Rh2 46. Nb1 c5 47. dxc5+ bxc5 48. b3 Rh3+ 49. Kd2 c4 50. bxc4 dxc4 51. c3 Rh2+
0-1

[Event "Staatsliga B-Mitte"]
[Site "?"]
[Date "1998.12.12"]
[Round "4"]
[White "Eichler,C"]
[Black "Niedermayr,H"]
[Result "1-0"]
[WhiteElo "2255"]
[BlackElo "2225"]
[PlyCount "59"]

1. d4 f5 2. Nf3 Nf6 3. Bg5 e6 4. Nbd2 d5 5. e3 Be7 6. Bxf6 Bxf6 7. Ne5 O-O 8.
f4 Bd7 9. Bd3 Be8 10. O-O Nd7 11. c4 c6 12. Qb3 Nxe5 13. dxe5 Be7 14. cxd5 cxd5
15. Rfc1 b6 16. Nf3 Bc5 17. Ba6 Qe7 18. a3 Rd8 19. Qc3 Qd7 20. b4 Qa4 21. Bb7
Be7 22. Nd4 Bd7 23. Bc6 Bxc6 24. Qxc6 Qxc6 25. Rxc6 Rc8 26. Rac1 Rxc6 27. Rxc6
a5 28. Rxe6 Kf7 29. Rxb6 axb4 30. axb4 1-0

[Event "Staatsliga B-Mitte"]
[Site "?"]
[Date "1998.12.12"]
[Round "4"]
[White "Woeber,F"]
[Black "Peterwagner,H"]
[Result "1/2-1/2"]
[WhiteElo "2205"]
[BlackElo "2215"]
[PlyCount "40"]

1. e4 c5 2. c3 d5 3. exd5 Qxd5 4. d4 Nc6 5. Nf3 Nf6 6. Na3 cxd4 7. Nb5 Qd8 8.
Nbxd4 Nxd4 9. Qxd4 Qxd4 10. Nxd4 a6 11. Be2 e5 12. Nf3 Bd6 13. Bg5 Ne4 14. Be3
Be6 15. O-O O-O 16. Rfd1 Bc7 17. c4 f6 18. Nd2 Nd6 19. Bf3 Rab8 20. b3 Rfd8
1/2-1/2

[Event "Staatsliga B-Mitte"]
[Site "?"]
[Date "1998.12.12"]
[Round "4"]
[White "Hamberger,H"]
[Black "Winiwarter,F"]
[Result "0-1"]
[WhiteElo "2170"]
[BlackElo "2200"]
[PlyCount "58"]

1. e4 e5 2. Nc3 Nf6 3. f4 d5 4. fxe5 Nxe4 5. Nf3 Nc6 6. d3 Nxc3 7. bxc3 d4 8.
cxd4 Bb4+ 9. Bd2 Bxd2+ 10. Qxd2 Nxd4 11. Qf2 Nxf3+ 12. gxf3 O-O 13. d4 c5 14.
c3 cxd4 15. cxd4 Bf5 16. Be2 Qa5+ 17. Kf1 Bh3+ 18. Kg1 Rac8 19. Qh4 Rc2 20. Kf2
Bf5 21. Rhd1 Qc3 22. Kf1 Qe3 23. Re1 Rfc8 24. Qf2 Qf4 25. Red1 Rxe2 26. Qxe2
Rc2 27. Qxc2 Bxc2 28. Rac1 Qxf3+ 29. Kg1 Qe3+ 0-1

[Event "Staatsliga B-Mitte"]
[Site "?"]
[Date "1998.12.12"]
[Round "4"]
[White "Holzweber,M"]
[Black "Enigl,K"]
[Result "0-1"]
[WhiteElo "2119"]
[BlackElo "2205"]
[PlyCount "34"]

1. e4 c6 2. d4 d5 3. e5 Bf5 4. Nc3 e6 5. g4 Bg6 6. Nge2 c5 7. Be3 h5 8. Nf4
cxd4 9. Bxd4 Nc6 10. Nxg6 fxg6 11. Bd3 Nge7 12. Nb5 Nxd4 13. Nxd4 Qb6 14. Bb5+
Kf7 15. Bd7 Nc6 16. Bxe6+ Ke7 17. Qf3 Nxe5 0-1

[Event "Staatsliga B-Mitte"]
[Site "?"]
[Date "1998.12.12"]
[Round "4"]
[White "Portisch,F"]
[Black "Rotstein,E"]
[Result "1-0"]
[WhiteElo "2375"]
[BlackElo "2355"]
[PlyCount "80"]

1. d4 Nf6 2. c4 c5 3. d5 e5 4. Nc3 d6 5. e4 g6 6. Be2 a6 7. Nf3 Nbd7 8. O-O h5
9. h3 Be7 10. a3 h4 11. Ne1 Nh5 12. Nd3 Bg5 13. Bxh5 Rxh5 14. Qe2 Bxc1 15.
Raxc1 b6 16. Nb1 Rh7 17. f4 Qe7 18. Nd2 exf4 19. Rxf4 g5 20. Rf2 f6 21. Rcf1
Kd8 22. e5 fxe5 23. Ne4 Kc7 24. Rf5 Rg7 25. Qh5 Bb7 26. Rf7 Rxf7 27. Rxf7 Rh8
28. Rxe7 Rxh5 29. Nf6 Rh6 30. Rxd7+ Kc8 31. Rf7 b5 32. Nf2 Rh8 33. N2e4 Rd8 34.
b3 bxc4 35. bxc4 a5 36. Nxg5 Ba6 37. Rh7 Bb7 38. Nf7 Rf8 39. Nxd6+ Kb8 40.
Rxb7+ Ka8 1-0

[Event "Staatsliga B-Mitte"]
[Site "?"]
[Date "1998.12.12"]
[Round "4"]
[White "Heidenfeld,M"]
[Black "Wirius,S"]
[Result "1/2-1/2"]
[WhiteElo "2335"]
[BlackElo "2285"]
[PlyCount "43"]

1. e4 c5 2. Nf3 d6 3. d4 cxd4 4. Nxd4 Nf6 5. Nc3 Nc6 6. Be2 e5 7. Nf3 h6 8. O-O
Be7 9. Re1 O-O 10. h3 Be6 11. Bf1 Nb8 12. b3 Nbd7 13. Bb2 Re8 14. a4 Qc7 15.
Nd2 d5 16. exd5 Nxd5 17. Nxd5 Bxd5 18. Nc4 Bxc4 19. Bxc4 Bf6 20. a5 e4 21. Bxf6
Nxf6 22. a6 1/2-1/2

[Event "Staatsliga B-Mitte"]
[Site "?"]
[Date "1998.12.12"]
[Round "4"]
[White "Kreindl,H"]
[Black "Karner,C"]
[Result "0-1"]
[WhiteElo "2270"]
[BlackElo "2175"]
[PlyCount "120"]

1. e4 c5 2. c3 d5 3. exd5 Qxd5 4. d4 Nc6 5. Nf3 Bg4 6. Be2 cxd4 7. cxd4 e6 8.
Nc3 Qa5 9. O-O Nf6 10. h3 Bh5 11. a3 Bd6 12. Be3 O-O 13. b4 Qd8 14. Qb3 h6 15.
Rad1 Ne7 16. g4 Bg6 17. Ne5 Nfd5 18. Nxd5 Nxd5 19. Bf3 Bxe5 20. dxe5 Qh4 21.
Bg2 Rac8 22. Rc1 h5 23. Bc5 Rfd8 24. Qg3 Qxg3 25. fxg3 hxg4 26. hxg4 b6 27.
Bxd5 bxc5 28. Bf3 c4 29. Rc3 Bd3 30. Rd1 Kf8 31. Kf2 Rd4 32. Be2 Rcd8 33. Bxd3
cxd3 34. Rd2 R8d5 35. Rc8+ Ke7 36. Rc7+ Rd7 37. Rc3 R4d5 38. Kf3 g6 39. Ke4
Rd4+ 40. Kf3 R4d5 41. Rc5 Rxc5 42. bxc5 Rd5 43. Ke4 Rxc5 44. Rxd3 Ra5 45. Rb3
Ra4+ 46. Kf3 g5 47. Kg2 a6 48. Kf3 Kd7 49. Rc3 a5 50. Kf2 Rxg4 51. Rc5 Ra4 52.
Rc3 Ke7 53. Rc7+ Kf8 54. Rc8+ Kg7 55. Rc3 Kg6 56. Kg2 g4 57. Kf2 Kf5 58. Rc7
Rxa3 59. Rxf7+ Kxe5 60. Rf4 Rf3+ 0-1

[Event "Staatsliga B-Mitte"]
[Site "?"]
[Date "1998.12.12"]
[Round "4"]
[White "Wallner,A"]
[Black "Hofmayr,K"]
[Result "0-1"]
[WhiteElo "2270"]
[BlackElo "2275"]
[PlyCount "106"]

1. e4 e5 2. Nf3 Nc6 3. Bb5 f5 4. Nc3 fxe4 5. Nxe4 Nf6 6. Nxf6+ Qxf6 7. Qe2 Be7
8. Bxc6 dxc6 9. Nxe5 O-O 10. O-O Bf5 11. d3 Rae8 12. Nc4 Qh4 13. Be3 b5 14. Nd2
Rf6 15. g3 Qh3 16. Ne4 Bxe4 17. dxe4 Bd6 18. f3 Qh5 19. Rae1 a5 20. Bd4 Bc5 21.
Bxc5 Qxc5+ 22. Qf2 Qc4 23. a3 a4 24. c3 Rd6 25. Qe2 Qc5+ 26. Qe3 Qc4 27. Qe2
Qc5+ 28. Kg2 Red8 29. Rf2 Rd3 30. Qc2 Qc4 31. Ree2 Rd1 32. Rd2 R8xd2 33. Qxd2
Rxd2 34. Rxd2 c5 35. e5 Kf7 36. f4 Ke6 37. Kf2 b4 38. axb4 cxb4 39. cxb4 Qxb4
40. Rc2 c5 41. Ke2 a3 42. bxa3 Qxa3 43. Kd1 h5 44. Re2 Qf3 45. Kd2 c4 46. Re3
Qf2+ 47. Re2 Qd4+ 48. Kc1 Qc3+ 49. Rc2 Qa1+ 50. Kd2 Qd4+ 51. Kc1 c3 52. Re2 Qd3
53. Ra2 Kd5 0-1

[Event "Staatsliga B-Mitte"]
[Site "?"]
[Date "1998.12.12"]
[Round "4"]
[White "Heimberger,R"]
[Black "Neckar,L"]
[Result "1/2-1/2"]
[WhiteElo "2280"]
[BlackElo "2345"]
[PlyCount "38"]

1. c4 e6 2. Nc3 d5 3. cxd5 exd5 4. d4 c6 5. Nf3 Bf5 6. Bg5 Qb6 7. Qd2 Nd7 8. e3
Ngf6 9. a3 Bd6 10. Nh4 Ne4 11. Qc2 Be6 12. Nf3 c5 13. Nxe4 dxe4 14. Nd2 cxd4
15. Nxe4 O-O 16. Bd3 Rac8 17. Qd2 Be5 18. O-O dxe3 19. Bxe3 Qxb2 1/2-1/2

[Event "Staatsliga B-Mitte"]
[Site "?"]
[Date "1998.12.12"]
[Round "4"]
[White "Kranzl,P"]
[Black "Trauner,R"]
[Result "1-0"]
[WhiteElo "2280"]
[BlackElo "2255"]
[PlyCount "77"]

1. Nf3 Nf6 2. b4 d5 3. Bb2 Bf5 4. e3 e6 5. a3 Nbd7 6. Be2 Be7 7. O-O h6 8. d3
O-O 9. Nbd2 Bh7 10. c4 c5 11. Qb3 Rc8 12. d4 cxd4 13. Bxd4 Qc7 14. Qb2 dxc4 15.
Nxc4 Rfd8 16. Rac1 Qb8 17. Nfd2 b5 18. Ne5 Nxe5 19. Bxe5 Qb6 20. Bf3 Ne8 21.
Nb3 Bf6 22. h3 Bxe5 23. Qxe5 Nd6 24. Nd4 Rxc1 25. Rxc1 Nc4 26. Qxb5 Nxa3 27.
Qa4 Nb1 28. Nc6 Rf8 29. Qa2 Kh8 30. Rxb1 Bxb1 31. Qxb1 Rc8 32. Qe4 Rc7 33. g3
Qa6 34. Kg2 Qa2 35. Qd4 Rc8 36. Qd7 Rf8 37. Nxa7 e5 38. Nc6 f6 39. Qf5 1-0

[Event "Staatsliga B-Mitte"]
[Site "?"]
[Date "1998.12.12"]
[Round "4"]
[White "Tober,G"]
[Black "Knoll,H"]
[Result "1/2-1/2"]
[WhiteElo "2210"]
[BlackElo "2325"]
[PlyCount "80"]

1. Nf3 g6 2. d4 Nf6 3. g3 Bg7 4. Bg2 O-O 5. O-O d5 6. c4 dxc4 7. Nbd2 c3 8.
bxc3 c5 9. Ba3 Na6 10. Nc4 Be6 11. Nce5 Qa5 12. Bb2 cxd4 13. cxd4 Rac8 14. Ng5
Bd5 15. e4 h6 16. exd5 hxg5 17. Qb3 Qb4 18. Rfc1 Rxc1+ 19. Rxc1 Qxb3 20. axb3
Rd8 21. Ba3 Bf8 22. d6 exd6 23. Bxb7 dxe5 24. Bxf8 Kxf8 25. dxe5 Ng4 26. Bxa6
Nxe5 27. Rc8 Rxc8 28. Bxc8 Ke7 29. Kg2 Kd6 30. f4 gxf4 31. gxf4 Nd3 32. f5 a5
33. Ba6 Nf4+ 34. Kf3 g5 35. h4 Ke5 36. hxg5 Kxf5 37. Bc4 Nh3 38. Ke3 Nxg5 39.
Kd4 Ne6+ 40. Kd5 Kf4 1/2-1/2

[Event "Staatsliga B-Mitte"]
[Site "?"]
[Date "1998.12.12"]
[Round "4"]
[White "Hager,H"]
[Black "Punzenberger,F"]
[Result "1/2-1/2"]
[WhiteElo "2205"]
[BlackElo "2100"]
[PlyCount "90"]

1. Nf3 g6 2. c4 Bg7 3. g3 d6 4. Bg2 Nf6 5. Qc2 O-O 6. b4 Nd5 7. Bb2 Nxb4 8. Qb3
c5 9. Bxg7 Kxg7 10. O-O N8c6 11. d3 Rb8 12. a3 Na6 13. Nc3 Bg4 14. e3 Qd7 15.
Rfb1 Nc7 16. Ra2 b6 17. Rd2 Kg8 18. Ng5 Na5 19. Qb2 h6 20. Nf3 Rbc8 21. Ne1
Rfd8 22. f4 Bh3 23. Bh1 Nc6 24. Qc2 Na5 25. Nf3 Bg4 26. Rf2 Bxf3 27. Bxf3 e6
28. h4 d5 29. cxd5 exd5 30. Ne2 d4 31. e4 Ne8 32. h5 b5 33. hxg6 fxg6 34. Rh2
Kg7 35. f5 g5 36. Qd2 Nb7 37. Rh5 Qc7 38. Kg2 Qb6 39. Rxg5+ hxg5 40. Qxg5+ Kf8
41. Rh1 Qf6 42. Qg4 Qg7 43. Qh4 Qf6 44. Qg4 Qg7 45. Qh4 Qf6 1/2-1/2